000 01109nam a2200313 i 4500
005 20210727153155.0
007 ta
008 141031s2000 sp a gr 000 j spa d
020 _a8495212528
040 _aCO-BoRNBP
_bspa
_cCO-BoRNBP
_erda
041 0 _aspa
084 _aC MAU1
100 1 _aMaupassant, Guy de
_d1850-1893
_eautor
245 1 3 _aEl miedo y otros relatos
_cGuy de Maupassant ; ilustrado por Armando Salas Cánovas ; traducción Ana Zapata Navarro
250 _aPrimera edición
264 1 _aMálaga
_bAljibe
_c2000
300 _a117 páginas
_bilustraciones en blanco y negro
_c17 cm
336 _atexto
_btxt
_2rdacontent
337 _asin mediación
_bn
_2rdamedia
338 _avolumen
_bnc
_2rdacarrier
505 1 _aEl miedo -- El horla -- La mano -- ¿Loco? -- La cabellera -- La muerta
650 1 7 _aCuentos franceses
_ySiglo XIX
_2LEMB
650 1 7 _aLiteratura francesa
_ySiglo XIX
_2LEMB
650 1 7 _aTerror
_vCuentos
_2LEMB
650 1 7 _aMiedo
_vCuentos
_2LEMB
700 1 _aZapata Navarro, Ana
_etraductora
700 1 _aSalas Cánovas, Armando
_eilustrador
942 _2loc
_cBKLIT
999 _c3627
_d3627